000 00542nam a2200193Ia 4500
008 131103s9999 xx 000 0 und d
020 _a236310259
040 _aLoreto College
041 _aEnglish
082 _a824.91/CHE
_bLCLIB/23252
100 _aChesterton,G.K.
245 4 _aThe apostle
_cG.K.Chesterson;edited by Dorothy E.Collins
260 _aLondon
_bPaul Elek
_c1975
300 _a[7],189 p.
_c 22 cm.
650 _aChesterson,Gilbert Keith,1874 - 1936
700 _aCollins,Dorothy E.,ed.
850 _aLCLIB
942 _cBK
999 _c5377
_d55856